000 00790cam a2200229 a 4500
001 000018156
005 20200929165358.0
008 930420s1981 ve f000 0 spa d
035 _a(DLC) 93143450
040 _aDO-SdBNP
_bspa
_cDLC
_dBNHU
082 _aV863.3
_bB641v
100 1 _aBlanco, Eduardo,
_d1838-1912.
_939340
245 1 0 _aVenezuela heroica /
_cEduardo Blanco.
260 _aCaracas :
_bEdiciones de la Presidencia,
_c1981.
300 _aV ;
_c16 cm.
650 4 _aNovela historica venezuela
_939341
650 4 _aLiteratura venezolana
_ySIGLO XIX
_939342
651 4 _aVenezuela
_xHistoria
_yINDEPENDENCIA, 1810-1823
_xNovela
_939343
651 4 _aVenezuela
_xHistoria
_yGUERRA DE INDEPENDENCIA, 1810-1823
_xCampaƱas
_939344
910 _aCatalogación derivada
049 _aBNGR
999 _c17677
_d17677